|
|
|
|
| LEADER |
01006nam a2200241 a 4500 |
| 001 |
GR-MES9644 |
| 008 |
060118s gr 000 0 gre d |
| 020 |
|
|
|a 0470851236
|
| 040 |
|
|
|a GrPaTEI
|b gre
|c GR-PaULI
|
| 040 |
|
|
|a GrPaTEI
|b gre
|c GR-PaULI
|
| 100 |
1 |
|
|a Tucker, Maurice E.
|
| 245 |
1 |
0 |
|a Sedimentary rocks in the field /
|c Maurice E. Tucker.
|
| 250 |
|
|
|a 2nd ed.
|
| 260 |
|
|
|a Chichester,England New York :
|b Wiley,
|c c1996
|
| 300 |
|
|
|a ix ,234σ. :
|b εικ. ;
|c 18εκ.
|
| 490 |
0 |
|
|a The geological field guide series
|
| 500 |
|
|
|a first published under the title The field description of sedimentaryrocks in 1982 by open university press and Halsted Press
|
| 650 |
|
0 |
|a Petrology
|x fieldwork
|
| 650 |
|
0 |
|a Rocks sedimentary
|
| 942 |
|
|
|2 ddc
|
| 952 |
|
|
|0 0
|1 0
|2 ddc
|4 0
|6 552_500000000000000_TUC
|7 0
|9 279989
|a MSLG
|b MSLG
|c BSC
|d 2021-01-17
|e 24
|f 0
|g 0.00
|l 0
|o 552.5 TUC
|p 2420000019615
|r 2021-01-17 00:00:00
|t 1
|w 2021-01-17
|y BK15
|x 20060118 0 1
|x GrPaTEI
|
| 971 |
|
|
|a .b25881152
|b 15-04-20
|c 14-09-16
|
| 999 |
|
|
|c 163181
|d 163181
|